000 00666nam a22002177a 4500
003 UA-OsUOA
001 42477
007 ta
008 20061107b un ||||| |||| 00| 0 ukr d
090 _a311.314(477.81)
_bС78
942 _cBK
040 _aUA-OsUOA
_bukr
_cUA-OsUOA
_dUA-OsUOA
245 _aСтатистичний щорічник Рівненської області за 2005 рік
_cЗа ред. Мороза Ю. В.
300 _a592 с.
955 _a2
041 _aukr
080 _a311.314(477.81)
260 _aРівне
_c2006
650 7 _a311 Статистика як наука. Теорія статистики
_2UDC
999 _c328548
_d328548